| 000 | 00891nam a22002897a 4500 | ||
|---|---|---|---|
| 001 | BR8206625 | ||
| 003 | BR-BrBNA | ||
| 005 | 20230928091525.0 | ||
| 007 | ta | ||
| 008 | 230509b bl.||||| |||| 00| 0 por d | ||
| 040 |
_aBR-BrBNA _bpor _cBiblioteca Nacional de Agricultura |
||
| 041 | _a(Por) | ||
| 072 |
_aE30; E10; E50 _b/G514 |
||
| 090 | _ E30 BR8206625 | ||
| 110 | 1 |
_aComissao Estadual de Planejamento Agricola, Fortaleza, CE (Brasil) _92048 |
|
| 245 | 1 | _aProjeto de desenvolvimento rural integrado da Ibiapaba; prorrogacao 1982-85: sintese [Projeto agricola, Ceara, Brasil] | |
| 260 | 3 |
_aFortaleza, CE (Brasil): _c1982. |
|
| 300 | _a39 p. | ||
| 650 | _aPROJETO AGRICOLA | ||
| 650 | _aDESENVOLVIMENTO ECONOMICO | ||
| 650 | _aRECURSO ECONOMICO | ||
| 650 | _aDIRETRIZ | ||
| 650 | _aCREDITO RURAL | ||
| 650 | _aCEARA | ||
| 909 |
_a202309 _bLucia _c55 _dLucia Elande |
||
| 942 | _cBK | ||
| 999 |
_c34247 _d34247 |
||